Zahrada = The garden /

Corporate Author: Laterna magika (divadlo)
Other Authors: Hearne, Hilda
Language: Czech
English
Published: Praha : Národní divadlo, [2018]
Physical Description: 24, 24 nečíslovaných stran : ilustrace, portréty ; 21 cm + program k 1. a 2. premiéře (2 listy)
Language note: Souběžný anglický text
Book
Saved in:
LEADER 01952nam a2200541 i 4500
001 001663788
003 CZ BrMZK
005 20190128082215.0
007 ta
008 190114t20182018xr ac e 000 0 cze
020 |a 978-80-7258-686-8  |q (brožováno) 
040 |a BOA001  |b cze  |e rda 
041 1 |a cze  |a eng  |h cze 
043 |a e-xr---  |b e-xr-pg  |2 czenas 
045 |a y1y1 
072 7 |a 792  |x Divadlo. Divadelní představení  |2 Konspekt  |9 3 
080 |a 792.83  |2 MRF 
080 |a 792.82  |2 MRF 
080 |a (437.311)  |2 MRF 
080 |a (083.97)  |2 MRF 
080 |a (0.027)=030  |2 MRF 
245 0 0 |a Zahrada =  |b The garden /  |c překlad do angličtiny Hilda Hearne 
246 3 1 |a Garden 
264 1 |a Praha :  |b Národní divadlo,  |c [2018] 
264 4 |c ©2018 
300 |a 24, 24 nečíslovaných stran :  |b ilustrace, portréty ;  |c 21 cm +  |e program k 1. a 2. premiéře (2 listy) 
336 |a text  |b txt  |2 rdacontent 
337 |a bez média  |b n  |2 rdamedia 
338 |a svazek  |b nc  |2 rdacarrier 
500 |a Název z obálky 
500 |a Nad názvem: Laterna magika 
500 |a Anglický text tištěn zvratmo včetně vlastní titulní stránky 
546 |a Souběžný anglický text 
610 2 7 |a Laterna magika (divadlo)  |7 kn20050412025  |2 czenas 
648 4 |a 2018 
648 7 |a 21. století  |7 ch460559  |2 czenas 
648 7 |a 2011-2020  |7 ch460589 
650 0 7 |a scénický tanec  |7 ph125444  |z Česko  |y 21. století  |2 czenas 
650 0 7 |a baletní inscenace  |7 ph137509  |z Česko  |y 2011-2020  |2 czenas 
651 7 |a Praha (Česko)  |7 ge118011  |2 czenas 
655 7 |a divadelní programy  |7 fd132033  |2 czenas 
655 7 |a dvojjazyčná vydání  |7 fd194533  |2 czenas 
700 1 |a Hearne, Hilda  |7 xx0074640  |4 trl 
710 2 |a Laterna magika (divadlo)  |7 kn20050412025  |4 orm 
910 |a BOA001  |b 2-1421.220 
990 |a BK 
991 |b 201901  |c NOV 
996 6 |b 2610768112  |c 2-1421.220  |l MZK  |r Sklad / do 1 hodiny  |n 0  |p p.v.  |w 001703153  |u 000010  |a 1  |e BOA001  |j MZK50  |s P